01174nab a22002297a 4500003000400000005001700004008004100021040000700062100001800069245016900087260007300256300001200329500002800341505018800369505008200557650001800639650001700657650004000674650005200714650002800766773015000794OSt20251222104536.0190429b xxu||||| |||| 00| 0 spa d cPJ aRaggio, Guido10aAbuso sexual infantil desde el análisis con perspectiva de género y respeto a los derechos fundamentales de las niñas, niños y adolescentes /cGuido Raggio. cCiudad Autónoma de Buenos Aires :aThomson Reuters La Ley, b2025. ap. 8-26 aCita: AR/DOC/1622/2025. aSumario: I. Introducción.— II. Juzgar con perspectiva de género.— III. Violencia contra niños/as y adolescentes.— IV. Abuso sexual infantil.— V. Reflexión y propuesta. tSi te interesa el texto completo, solicitalo a koha@justierradelfuego.gov.ar  0aDERECHO PENAL 0aABUSO SEXUAL 0aDELITOS CONTRA LA INTEGRIDAD SEXUAL 0aDERECHOS DE LAS NIÑAS, NIÑOS Y ADOLESCENTES 0aPERSPECTIVA DE GÉNERO0 02658tRevista de derecho penal y criminología. Nº 7 - Agosto 2025dCiudad Autónoma de Buenos Aires : Thomson Reuters La Ley, 2017-x00347914